Els Càtars / Antoni Dalmau i Ribalta
ISBN:
84-8429-486-2
Descripción Física:
173 p. ; 24 cm + CD
Colección:
Biblioteca lectus universitària
Materias:
Càtars -- Història
MARC
| LEADER | 00000nam a2200000Ia 4500 | ||
|---|---|---|---|
| 001 | 13903 | ||
| 008 | 160829s2002 xx 000 0 cat d | ||
| 020 | |a 84-8429-486-2 | ||
| 080 | |a H-2-136 | ||
| 100 | |a Dalmau i Ribalta, Antoni, |d 1951-2022 |9 25991 | ||
| 245 | |a Els Càtars / Antoni Dalmau i Ribalta | ||
| 260 | |a Barcelona : |b UOC, |c 2002 | ||
| 300 | |a 173 p. ; |c 24 cm + CD | ||
| 490 | |a Biblioteca lectus universitària | ||
| 590 | |a Presentació del llibre i del CD dins d'una capsa. | ||
| 590 | |a Conté: biografies, cronologia, glossari i toponímia. | ||
| 590 | |a Bibliografia | ||
| 650 | |a Càtars |x Història |9 24124 | ||
| 901 | |a Arxiu | ||
| 942 | |n 1 | ||
| 952 | |0 0 |1 0 |4 0 |6 H2136 |7 1 |9 42988 |a Arxiu |b Arxiu |d 2016-12-01 |l 0 |o H-2-136 |p 13903 |r 2016-12-01 00:00:00 |w 2016-12-01 |y ARXIU | ||
| 999 | |c 45531 |d 45531 | ||